[Event "Mittelrhein Verbandsliga Sued 1920"]
[Site "Mittelrhein"]
[Date "2019.12.08"]
[Round "4.7"]
[White "Antonioli, Vladimir"]
[Black "Jonas, Rainer"]
[Result "1-0"]
[WhiteElo "1789"]
[BlackElo "1794"]
[PlyCount "107"]
[EventDate "2019.09.29"]
[EventType "team-tourn"]
[EventRounds "9"]
[EventCountry "GER"]
[SourceTitle "EXT 2023"]
[Source "ChessBase"]
[SourceDate "2022.10.05"]
[SourceVersion "1"]
[SourceVersionDate "2022.10.05"]
[SourceQuality "1"]
[WhiteTeam "Bonn Stadtverwaltung II"]
[BlackTeam "Rheinbacher SF"]
[WhiteTeamCountry "GER"]
[BlackTeamCountry "GER"]

1. e4 c6 2. d4 d5 3. exd5 cxd5 4. c4 Nf6 5. Nc3 e6 6. Nf3 Nc6 7. c5 Bd7 8. a3 a6 9. Bf4 Be7 10. Bd3 0-0 11. 0-0 Nh5 12. Bd2 g6 13. Na4 Bf6 14. Nb6 Ra7 15. g4 Ng7 16. Bc3 Qc7 17. b4 Rd8 18. Qd2 Ne8 19. a4 Ne7 20. b5 axb5 21. axb5 Rxa1 22. Rxa1 Rb8 23. Ba5 Bc8 24. Nxd5 Qd7 25. Nb6 Qd8 26. Qf4 Qc7 27. Qxc7 Nxc7 28. Bd2 Ncd5 29. Be4 Nxb6 30. cxb6 Bd7 31. Bf4 Re8 32. Bxb7 Bxb5 33. Ra8 Rxa8 34. Bxa8 Ba6 35. b7 Nc6 36. b8Q+ Nxb8 37. Bxb8 Be2 38. Be5 Be7 39. Kg2 f6 40. Bf4 Bb4 41. Be3 g5 42. h3 Kg7 43. d5 e5 44. Nd2 h5 45. f3 hxg4 46. hxg4 Bxd2 47. Bxd2 e4 48. fxe4 Bxg4 49. Kg3 Bc8 50. Bc6 Kf7 51. Bb4 f5 52. e5 f4+ 53. Kf3 Bf5 54. d6 1-0

[Event "Mittelrhein Verbandsliga-O 15/16"]
[Site "Nordrheinwestfalen"]
[Date "2016.01.31"]
[Round "7"]
[White "Froitzheim, Ralf"]
[Black "Antonioli, Vladimir"]
[Result "1-0"]
[WhiteElo "1716"]
[BlackElo "1779"]
[PlyCount "47"]
[EventDate "2015.09.06"]
[EventType "team-tourn"]
[EventRounds "11"]
[EventCountry "GER"]
[SourceTitle "EXT 2022"]
[Source "ChessBase"]
[SourceDate "2021.10.06"]
[SourceVersion "1"]
[SourceVersionDate "2021.10.06"]
[SourceQuality "1"]
[WhiteTeam "Niederkassel II"]
[BlackTeam "Bonn Stadtverwaltung"]
[WhiteTeamCountry "GER"]
[BlackTeamCountry "GER"]

1. c4 e5 2. g3 Nc6 3. Bg2 d6 4. Nc3 g6 5. e4 Bg7 6. Nge2 Be6 7. d3 Qd7 8. Nd5 Nd8 9. 0-0 c6 10. Ndc3 Bh3 11. d4 Bxg2 12. Kxg2 exd4 13. Nxd4 Ne6 14. Be3 Ne7 15. f4 0-0-0 16. f5 gxf5 17. Nxf5 Be5 18. Bxa7 b5 19. Bb6 Rdg8 20. Nxe7+ Qxe7 21. cxb5 Qh4 22. Qa4 Rxg3+ 23. Kh1 Rg1+ 24. Bxg1 1-0

[Event "Mittelrhein Verbandsliga Ost 1314"]
[Site "Mittelrhein"]
[Date "2014.03.09"]
[Round "8.8"]
[White "Antonioli, Vladimir"]
[Black "Dung, Martin"]
[Result "1-0"]
[WhiteElo "1730"]
[BlackElo "1710"]
[PlyCount "81"]
[EventDate "2013.09.15"]
[EventType "team-tourn"]
[EventRounds "11"]
[EventCountry "GER"]
[SourceTitle "EXT 2023"]
[Source "ChessBase"]
[SourceDate "2022.10.05"]
[SourceVersion "1"]
[SourceVersionDate "2022.10.05"]
[SourceQuality "1"]
[WhiteTeam "Bonn Stadtverwaltung"]
[BlackTeam "Godesberg IV"]
[WhiteTeamCountry "GER"]
[BlackTeamCountry "GER"]

1. e4 g6 2. d4 Bg7 3. Nf3 d6 4. Be3 Bg4 5. Nbd2 c6 6. h3 Bxf3 7. Nxf3 Nf6 8. Bd3 Na6 9. Qd2 Nc7 10. c3 Ne6 11. g4 Qa5 12. b4 Qc7 13. g5 Nd7 14. h4 c5 15. bxc5 dxc5 16. d5 Qa5 17. Rc1 Nc7 18. c4 Qa3 19. Bf4 Na6 20. Ke2 Nb4 21. Bb1 Bb2 22. Rcd1 Nb6 23. Qe3 Qa5 24. Qb3 Na4 25. Be5 Bxe5 26. Nxe5 b5 27. a3 Na6 28. Qxb5+ Qxb5 29. cxb5 Nc3+ 30. Kd3 Nxd1 31. Rxd1 Nc7 32. Kc4 Rb8 33. a4 a6 34. Kxc5 axb5 35. Kc6 Na6 36. axb5 Nb4+ 37. Kc5 f6 38. gxf6 exf6 39. Nc4 Nxd5 40. exd5 Kf7 41. Na5 1-0